[Event "Challenge"]
[Site "http://www.queenalice.com/game.php?id=1510628"]
[Date "2018.1.5"]
[Round "-"]
[White "LYUSS"]
[Black "dogxadrez"]
[Result "0-1"]
[WhiteElo "1736"]
[BlackElo "1815"]

1. Nc3 d5 2. d4 Nf6 3. f3 Bf5 4. g4 Bg6 5. h4 h6 6. e4 dxe4 7. Bf4 e6 8. Qe2
Qxd4 9. Nb5 exf3 10. Nxc7+ Kd8 11. Rd1 fxe2 12. Rxd4+ Nbd7 13. Bxe2 Rc8 14. Rc4
e5 15. Bxe5 Nxe5 16. Rd4+ Kxc7 17. Nh3 Bxc2 18. Kd2 Be4 19. Rf1 Bc5 20. Rc1 Kb8
21. Ra4 Rhd8+ 22. Ke1 Bb4+ 23. Rc3 Bxc3+ 24. bxc3 Rxc3 25. Nf2 Bf3 26. Nd1 Rc2
27. Bxf3 Nxf3+ 0-1

[Event "Copa do Brasil"]
[Site "http://www.queenalice.com/game.php?id=1514571"]
[Date "2018.2.3"]
[Round "2"]
[White "Marbol"]
[Black "dogxadrez"]
[Result "1-0"]
[WhiteElo "2230"]
[BlackElo "1838"]

1. g3 d5 2. Bg2 Nf6 3. Nf3 c6 4. O-O Bf5 5. d3 e6 6. Nbd2 h6 7. c4 Be7 8. cxd5
exd5 9. e4 dxe4 10. dxe4 Nxe4 11. Nxe4 Qxd1 12. Rxd1 Bxe4 13. Re1 f5 14. Ne5 O-O
15. Ng6 Bb4 16. Rxe4 fxe4 17. Nxf8 Kxf8 18. Be3 Na6 19. Rc1 Ba5 20. Bxe4 Bb6 21.
Bd2 Rd8 22. Rd1 Ke7 23. Bf3 Bd4 24. b3 Rd6 25. Kg2 Be5 26. h4 b6 27. Be2 Nc7 28.
a4 Nd5 29. Rc1 Bd4 30. Bc4 Kd7 31. Rc2 Rf6 32. Bc1 Nb4 33. Rd2 Rd6 34. Kf3 Rf6+
35. Kg4 c5 36. f4 Nc6 37. Re2 Bc3 38. Bb5 Rg6+ 39. Kh3 h5 40. f5 Rf6 41. g4 Kd6
42. Bg5 hxg4+ 43. Kxg4 Ne5+ 44. Kf4 Rf8 45. Ke4 Rh8 46. Rc2 Bd4 47. Bf4 Rxh4 48.
Rd2 Rxf4+ 49. Kxf4 Kd5 50. Ba6 Nd7 51. Bc4+ Kd6 52. Rg2 1-0

[Event "Challenge"]
[Site "http://www.queenalice.com/game.php?id=1514774"]
[Date "2018.2.5"]
[Round "-"]
[White "LYUSS"]
[Black "dogxadrez"]
[Result "0-1"]
[WhiteElo "1732"]
[BlackElo "1856"]

1. e4 e5 2. Nc3 Nf6 3. Nf3 Nc6 4. Bc4 Nxe4 5. Nxe4 d5 6. Bd3 dxe4 7. Bxe4 Nd4 8.
Nxe5 Qe7 9. f4 f6 10. Qh5+ g6 11. Bxg6+ hxg6 12. Qxg6+ Kd8 13. O-O fxe5 14. Re1
Qh4 15. Rxe5 Qxh2+ 16. Kf1 Qxf4+ 17. Kg1 Qxe5 18. d3 Qe1# 0-1

[Event "Challenge"]
[Site "http://www.queenalice.com/game.php?id=1524852"]
[Date "2018.4.25"]
[Round "-"]
[White "ademirmachado"]
[Black "dogxadrez"]
[Result "1-0"]
[WhiteElo "1807"]
[BlackElo "1886"]

1. d4 Nf6 2. e3 d5 3. Bd3 c5 4. c3 Nc6 5. f4 Bg4 6. Nf3 e6 7. Nbd2 Bd6 8. h3 Bf5
9. Bb5 Qb6 10. a4 cxd4 11. Nxd4 O-O 12. O-O a6 13. Be2 Bg6 14. g4 h6 15. N2f3
1-0

[Event "Challenge"]
[Site "http://www.queenalice.com/game.php?id=1546969"]
[Date "2018.10.24"]
[Round "-"]
[White "dogxadrez"]
[Black "Excsiu"]
[Result "1-0"]
[WhiteElo "1920"]
[BlackElo "1856"]

1. e4 e5 2. Nf3 Nc6 3. Bb5 Nd4 4. Nxd4 exd4 5. O-O c6 6. Bc4 b5 7. Bb3 Bd6 8. e5
Bxe5 9. Re1 d6 10. f4 a5 11. Qf3 a4 12. Bxf7+ Kxf7 13. fxe5+ Ke8 14. exd6+ Kd7
15. Qf5+ Kxd6 16. Qe5+ Kd7 17. Qxd4+ Kc7 18. Qxg7+ Bd7 19. Qxh8 Qg5 20. d3 Qg6
21. Bf4+ Kb7 22. Qd4 Rd8 23. Be3 Rb8 24. Qxd7+ Ka8 25. Qa7# 1-0

[Event "Teodora"]
[Site "http://www.queenalice.com/game.php?id=1553978"]
[Date "2018.12.24"]
[Round "-"]
[White "dogxadrez"]
[Black "Copelipon"]
[Result "1-0"]
[WhiteElo "1895"]
[BlackElo "1876"]

1. e4 e5 2. Nf3 Nc6 3. Bb5 Nf6 4. O-O Nxe4 5. d4 Be7 6. Qe2 Nd6 7. Bxc6 bxc6 8.
dxe5 Nb7 9. Nc3 O-O 10. Re1 Nc5 11. Be3 Ba6 12. Qd1 Rb8 13. Nd4 Rxb2 14. Nb3 d6
15. Qc1 Rxb3 16. axb3 Bb5 17. Nxb5 cxb5 18. Bxc5 dxc5 19. Rxa7 Bg5 20. Qa1 Qd2
21. Rxc7 Qxc2 22. e6 Bf6 23. exf7+ Rxf7 24. Re8+ 1-0

[Event "Andrena"]
[Site "http://www.queenalice.com/game.php?id=1568741"]
[Date "2019.4.25"]
[Round "-"]
[White "dogxadrez"]
[Black "Copelipon"]
[Result "1-0"]
[WhiteElo "1952"]
[BlackElo "1909"]

1. e4 c6 2. d4 d5 3. e5 Bf5 4. Nf3 e6 5. Be2 c5 6. Be3 Nc6 7. dxc5 Qa5+ 8. c3
Qc7 9. O-O Nge7 10. b4 Nxe5 11. Nxe5 Qxe5 12. Qa4+ Kd8 13. Nd2 Qc7 14. Rad1 e5
15. f4 Bd7 16. Bb5 e4 17. Nxe4 a6 18. c4 Be6 19. f5 Nxf5 20. Bf4 Qc8 21. Qa5+
1-0

[Event "Challenge"]
[Site "http://www.queenalice.com/game.php?id=1573521"]
[Date "2019.6.6"]
[Round "-"]
[White "Excsiu"]
[Black "dogxadrez"]
[Result "0-1"]
[WhiteElo "1860"]
[BlackElo "1970"]

1. d4 Nf6 2. Nc3 d5 3. h3 c5 4. dxc5 d4 5. Nb5 Qa5+ 6. c3 Qxb5 7. Qxd4 Nc6 8.
Qh4 Be6 9. b4 Qa4 10. e3 Qc2 11. Bd2 g5 12. Rc1 Qxa2 13. c4 gxh4 0-1

[Event "Gerindia"]
[Site "http://www.queenalice.com/game.php?id=1577359"]
[Date "2019.7.15"]
[Round "-"]
[White "dogxadrez"]
[Black "Copelipon"]
[Result "1-0"]
[WhiteElo "1984"]
[BlackElo "1940"]

1. e4 c6 2. d4 d5 3. e5 Bf5 4. Nf3 e6 5. Be2 Nd7 6. O-O Ne7 7. Nbd2 f6 8. exf6
gxf6 9. Nh4 Bg6 10. Re1 e5 11. dxe5 Nxe5 12. Nb3 Qd6 13. f4 Nf7 14. Bg4 Be4 15.
Be3 Bh6 16. g3 Kf8 17. Bc5 Qc7 18. Nf5 Re8 19. Rxe4 dxe4 20. Nbd4 Kg8 21. Ne6
Qb8 22. Nxe7+ Rxe7 23. Bxe7 Bg7 24. Bh5 f5 25. Nxg7 Kxg7 26. Qd4+ Kh6 27. Qf6+
Kxh5 28. Qxf7+ 1-0

[Event "QUITERIA"]
[Site "http://www.queenalice.com/game.php?id=1591157"]
[Date "2019.11.25"]
[Round "-"]
[White "dogxadrez"]
[Black "Copelipon"]
[Result "1-0"]
[WhiteElo "2021"]
[BlackElo "1958"]

1. e4 e5 2. Nf3 Nc6 3. Bb5 Nge7 4. O-O g6 5. c3 Bg7 6. d4 exd4 7. cxd4 O-O 8. d5
Ne5 9. Nxe5 Bxe5 10. f4 Bg7 11. f5 gxf5 12. exf5 Nxd5 13. Qxd5 c6 14. Qf3 Bd4+
15. Kh1 Qh4 16. Bd3 Be5 17. g3 Qh3 18. Rf2 f6 19. Bf1 Qxf1+ 20. Rxf1 d5 21. Be3
Bd7 22. Bd4 Rae8 23. Nd2 Kh8 24. Bxa7 b5 25. a4 bxa4 26. Rxa4 Bxb2 27. Rb1 Be5
28. Rb7 Re7 29. Bc5 Bd6 30. Bxd6 Re1+ 31. Kg2 Rd8 32. Rxd7 Rxd7 33. Ra8+ Kg7 34.
Qg4+ Kh6 35. Bf4# 1-0

[Event "Challenge"]
[Site "http://www.queenalice.com/game.php?id=1592517"]
[Date "2019.12.8"]
[Round "-"]
[White "christian_labat"]
[Black "dogxadrez"]
[Result "0-1"]
[WhiteElo "2079"]
[BlackElo "2000"]

1. e4 e5 2. f4 exf4 3. Bc4 Nf6 4. Nc3 c6 5. Nf3 d5 6. exd5 cxd5 7. Bb5+ Nc6 8.
O-O Bd6 9. Re1+ Be6 10. Ng5 O-O 11. Bxc6 Bg4 12. Nf3 bxc6 13. d4 Qb6 14. Qd3
Rae8 15. Bd2 Ne4 16. Na4 Qb5 17. b3 Bxf3 18. c4 dxc4 19. bxc4 Qg5 20. g3 fxg3
21. h3 Qh5 22. Qf1 Nf2 0-1

[Event "Challenge"]
[Site "http://www.queenalice.com/game.php?id=1603279"]
[Date "2020.3.20"]
[Round "-"]
[White "dogxadrez"]
[Black "christian_labat"]
[Result "1-0"]
[WhiteElo "2048"]
[BlackElo "2077"]

1. e4 c5 2. Nf3 d6 3. d4 cxd4 4. Nxd4 Nf6 5. Nc3 a6 6. Be3 e6 7. f3 Be7 8. Qd2
O-O 9. g4 Bd7 10. g5 Nh5 11. O-O-O Nc6 12. f4 e5 13. Nxc6 bxc6 14. fxe5 Bg4 15.
exd6 Bxd1 16. dxe7 Qxe7 17. Qxd1 g6 18. Bc4 Rfd8 19. Qf3 Ng7 20. Rf1 Ne6 21. e5
Rab8 22. Ne4 Rd7 23. Nf6+ Kh8 24. Qh3 h5 25. Nxh5 Nxg5 26. Bxg5 Qb4 27. Nf6+ Kg7
28. Qh6# 1-0

[Event "Challenge"]
[Site "http://www.queenalice.com/game.php?id=1612798"]
[Date "2020.5.18"]
[Round "-"]
[White "waldi"]
[Black "dogxadrez"]
[Result "0-1"]
[WhiteElo "1942"]
[BlackElo "2077"]

1. d4 Nf6 2. c4 d5 3. Nc3 e6 4. Nf3 Be7 5. Bg5 h6 6. Bh4 Nbd7 7. e3 O-O 8. Bd3
dxc4 9. Bxc4 a6 10. Rc1 b5 11. Bb3 Bb7 12. O-O c5 13. dxc5 Nxc5 14. Nd4 Rc8 15.
Bc2 b4 16. Nce2 Qd5 17. f3 Qxa2 18. b3 Qa5 19. e4 Qb6 20. Kh1 a5 21. Nf4 g5 22.
e5 gxh4 0-1

[Event "Challenge"]
[Site "http://www.queenalice.com/game.php?id=1613643"]
[Date "2020.5.24"]
[Round "-"]
[White "Diemerlin"]
[Black "dogxadrez"]
[Result "1-0"]
[WhiteElo "2396"]
[BlackElo "2071"]

1. e4 e5 2. Nf3 Nc6 3. Nc3 Nf6 4. d4 exd4 5. Nd5 Nb4 6. Nxf6+ Qxf6 7. a3 Nc6 8.
Bd3 Bc5 9. b4 Bb6 10. O-O d6 11. b5 Ne5 12. Nxe5 dxe5 13. Qh5 Be6 14. f4 h6 15.
a4 Bc5 16. Bd2 Bd6 17. f5 Bd7 18. Rab1 Be7 19. Qe2 O-O 20. Rf3 a6 21. bxa6 Rxa6
22. a5 Ra7 23. Rg3 Rb8 24. Qh5 Qh4 25. Qf3 Qf6 26. h4 b5 27. Bg5 hxg5 28. hxg5
Qxg5 29. Rxg5 Bxg5 30. Qg3 Bf4 31. Qh4 Rba8 32. Qe7 c6 33. Qd6 Be8 34. g3 Bxg3
35. Kh1 Bf4 36. Rg1 f6 37. Qxf6 c5 38. Be2 c4 39. Bd1 Kh7 40. Qh4+ Kg8 41. f6 g6
42. Kg2 Rh7 43. Qg4 Kf7 44. Rf1 Ra7 45. Rxf4 Bd7 46. Qg5 exf4 47. Qc5 Kxf6 48.
Qxd4+ Kg5 49. Qe5+ 1-0

[Event "Challenge"]
[Site "http://www.queenalice.com/game.php?id=1613644"]
[Date "2020.5.24"]
[Round "-"]
[White "dogxadrez"]
[Black "Diemerlin"]
[Result "0-1"]
[WhiteElo "2068"]
[BlackElo "2404"]

1. e4 d5 2. exd5 Qxd5 3. Nc3 Qa5 4. Nf3 Nf6 5. d4 c6 6. Be2 Bf5 7. O-O e6 8. Nh4
Bg6 9. Bf4 Be7 10. a3 Bh5 11. Re1 Bxe2 12. Nxe2 O-O 13. c4 Nbd7 14. Nc3 Rfd8 15.
Nf3 Rac8 16. h3 Nf8 17. b4 Qa6 18. Qb3 Ng6 19. Bg3 b6 20. Rad1 Qb7 21. a4 a6 22.
Bh2 h6 23. Qb1 b5 24. c5 bxa4 25. Qa1 Nd5 26. Nxd5 Rxd5 27. Qxa4 Nh4 28. Ne5 Qb5
29. Qc2 Rcd8 30. Qe4 Qb7 31. Nxf7 Kxf7 32. Bg3 Nf5 33. Qxe6+ Kf8 34. Be5 Qd7 35.
Qg6 Bg5 36. f4 Bh4 37. Re4 Ng3 38. Re3 Nf5 39. Re4 Ng3 40. Re3 Nf5 41. Re4 h5
42. Qh7 Bg3 43. Qxh5 Kg8 44. Qg4 Rf8 45. Bd6 Rd8 46. Be5 Qf7 47. Ra1 Rf8 48.
Rxa6 Rd7 49. Ra3 Bh4 50. Qd1 Qd5 51. Qb3 Qxb3 52. Rxb3 Ra8 53. b5 Ra1+ 54. Kh2
cxb5 0-1